Bài toán biên thứ nhất đối với hệ parabolic Trong hình trụ với biên không trơn

Salvato in:
Dettagli Bibliografici
Autore principale: Nguyễn Mạnh Hùng
Natura: Libro
Lingua:Vietnamese
Pubblicazione: H. Đại học sư phạm 2006
Tags: Aggiungi Tag
Nessun Tag, puoi essere il primo ad aggiungerne! !
Thư viện lưu trữ: Mạng thư viện Đại học Đà Nẵng
LEADER 00754nam a2200265 4500
001 000013020
003 9351
005 20120306100358.0
008 120306s2006 viesd
020 |c 17800đ 
041 0 |a vie 
082 |a 515.7  |b NG-H 
100 0 |a Nguyễn Mạnh Hùng 
245 0 |a Bài toán biên thứ nhất đối với hệ parabolic  |b Trong hình trụ với biên không trơn  |c Nguyễn Mạnh Hùng 
260 |a H.  |b Đại học sư phạm  |c 2006 
300 |a 140tr.  |c 20 cm 
910 |a Như Ý  |d 11/10/2011 
OWN |a LSP 
999 |a From the UDN01 
TYP |a Monograph 
TYP |a Printed language 
980 |a Mạng thư viện Đại học Đà Nẵng